000 00408nam a2200157 i 4500
001 89308
003 ES-MaACL
007 t|
008 050110s1967 mx ||||1| spa d
100 1 _aLarrea, Julio.
_970334
245 1 0 _aDidáctica general /
_cJulio Larrea.
250 _a[3ª ed.].
260 _aMéxico, D.F. :
_bHerrero,
_c1967.
300 _a429 p. ;
_c21 cm.
852 _aES-MaACL
_jE-9047
_bR.93544
999 _c89308
_d89308